000 00431nam a22001457a 4500
008 230301b |||||||| |||| 00| 0 eng d
020 _a978-93-86867-80-3
082 _a808.85
100 _aAlan J Whiticker
245 _aSpeeches that shaped the world:
_b38 speeches from great leaders
260 _bJaico Publishing House,
_c2018
300 _a284 p.
_c21.5 cm
942 _2ddc
999 _c9391
_d9392